00569nam a2200157 a 450000100100000000500170001000800410002704000250006810000300009324500770012326000790020030000280027949000370030770000300034483000370037400003962420201002033640.0130712s1995 ch a 000 0 spa d aDO-SdBNPbspacBNPHU1 aSánchez Romero, Rodrigo10aCultura aconcagua /cRodrigo Sánchez Romero, Mauricio Massone Mezzano. aSantiago de Chile :bDirección de Bibliotecas, Archivos y Museos,c1995. a61 p. :bils. ;c23 cm.1 aImágenes del Patrimoniovno. 11 aMassone Mezzano, Mauricio 0aImágenes del Patrimonionno. 1